000 00432nam a2200145Ia 4500
008 220217s9999||||xx |||||||||||||| ||und||
020 _a81-7371-612-9
082 _a005.13 HOR
100 _aHorowitz, Ellis, Sahni, Sartaj and Rajashekaran, Sangutherva
245 0 _aFundamentals of computer algorithams
250 _a2nd
260 _aUniversity press
_bHyderabad
_c2008
300 _b360
650 _aPROGRAMMING LANGUAGE
999 _c176354
_d176354